Wessex estimating price book SMM7 (Record no. 106478)
[ view plain ]
| 000 -LEADER | |
|---|---|
| fixed length control field | 00824cam a2200217 4500 |
| 001 - CONTROL NUMBER | |
| control field | L136701 |
| 008 - FIXED-LENGTH DATA ELEMENTS--GENERAL INFORMATION | |
| fixed length control field | 070215s2006 000 0 eng u |
| 020 ## - INTERNATIONAL STANDARD BOOK NUMBER | |
| International Standard Book Number | 1904829422 |
| 035 ## - SYSTEM CONTROL NUMBER | |
| System control number | (Sirsi) u136701 |
| 050 04 - LIBRARY OF CONGRESS CALL NUMBER | |
| Classification number | 692.5 $2 18 |
| 245 00 - TITLE STATEMENT | |
| Title | Wessex estimating price book SMM7 |
| Remainder of title | 2007 |
| 250 ## - EDITION STATEMENT | |
| Edition statement | 12th ed. |
| 260 ## - PUBLICATION, DISTRIBUTION, ETC. | |
| Place of publication, distribution, etc. | London |
| Name of publisher, distributor, etc. | BCIS |
| Date of publication, distribution, etc. | 2006 |
| 300 ## - PHYSICAL DESCRIPTION | |
| Extent | ca.1000p. |
| Other physical details | 30cm. |
| 520 ## - SUMMARY, ETC. | |
| Summary, etc. | Guide to the current (net cost) unit prices for building work. GIves unit rates compiled from over 500 000 price elements. Includes labour constants, an approximate estimating section, professional information and BCIS square metre rates. |
| 650 24 - SUBJECT ADDED ENTRY--TOPICAL TERM | |
| Topical term or geographic name entry element | STANDARD METHOD OF MEASUREMENT (SEVENTH EDITION) |
| 651 #4 - SUBJECT ADDED ENTRY--GEOGRAPHIC NAME | |
| Geographic name | United Kingdom |
| Chronological subdivision | |
| 690 ## - LOCAL SUBJECT ADDED ENTRY--TOPICAL TERM (OCLC, RLIN) | |
| Topical term or geographic name as entry element | BUILT ENVIRONMENT-BUILDING COSTS |
| 700 1# - ADDED ENTRY--PERSONAL NAME | |
| Personal name | Barnett, N.P. |
| Relator term | Editor |
| 942 ## - ADDED ENTRY ELEMENTS (KOHA) | |
| Suppress in OPAC | 0 |
| Withdrawn status | Lost status | Source of classification or shelving scheme | Damaged status | Not for loan | Home library | Current library | Shelving location | Date acquired | Total Checkouts | Full call number | Barcode | Date last seen | Date last checked out | Copy number | Price effective from | Koha item type |
|---|---|---|---|---|---|---|---|---|---|---|---|---|---|---|---|---|
| Dewey Decimal Classification | London | London | RICS Boxes | 26/02/2007 | 4 | RICS 2006/77 | 30073678 | 06/08/2019 | 06/11/2007 | 1 | 06/08/2019 | Archive |